Normal view
MARC view
Entry Personal Name
001 - CONTROL NUMBER
- control field: 850
003 - CONTROL NUMBER IDENTIFIER
- control field: OSt
005 - DATE AND TIME OF LATEST TRANSACTION
- control field: 20140806171706.0
008 - FIXED-LENGTH DATA ELEMENTS
- fixed length control field: 140806|| aca||aabn | a|a d
040 ## - CATALOGING SOURCE
- Original cataloging agency: OSt
- Transcribing agency: OSt
100 ## - HEADING--PERSONAL NAME
- Personal name: Davidson, Stanley,
- Titles and other words associated with a name: Sir,
- Dates associated with a name: 1894-1981.
670 ## - SOURCE DATA FOUND
- Source citation: Work cat.: (OSt)324: Davidson's principles and practice of medicine., c2002.
